Personnes célèbres par portraits - Statistiques

Statistiques générales
  • Ce quiz a été pris 2 551 fois
    1 651 depuis la dernière actualisation
  • Le résultat moyen est 12 sur 18
Statistiques - réponses
Par images Réponse % Correct
Vincent van Gogh
96%
Jeanne d'Arc
93%
Marie-Antoinette
88%
Frida Kahlo
84%
Vénus
81%
Ludwig van Beethoven
77%
Cléopâtre VII
76%
Jules César
76%
Elizabeth II
74%
Voltaire
67%
Moïse
66%
Ulysse
63%
Napoléon III
61%
Adam
54%
Jean-Paul Marat
46%
Confucius
44%
George Sand
35%
Rembrandt
34%
Aucun quiz correspondant
Distribution des résultats
% des personnes avec chaque résultat
Percentile par nombre de réponses
Votre historique - résultats
Vous n’avez pas pris ce quiz depuis la dernière actualisation